All SM artist - Statistics

General Stats
  • This quiz has been taken 179 times
  • The average score is 55 of 95
Answer Stats
Hint Answer % Correct
Red Velvet Irene
93%
Red Velvet Wendy
93%
EXO Chen
89%
Red Velvet Joy
89%
aespa Karina
89%
aespa NingNing
88%
Red Velvet Seulgi
88%
aespa Winter
88%
aespa Giselle
87%
EXO Kai
87%
Red Velvet Yeri
87%
SHINee Taemin
86%
EXO D.O
85%
NCT NCT 127,NCT DREAM Mark
83%
NCT NCT 127 Taeyong
81%
SHINee Key
80%
SHINee MInho
79%
Girls' Generation Taeyeon
79%
NCT NCT 127 Johnny
78%
SHINee Jonghyun
76%
NCT WayV Ten
76%
EXO Baekhyun
75%
SHINee Onew
74%
Girls' Generation Tiffany
74%
EXO Sehun
73%
EXO Suho
73%
NCT NCT 127 Jaehyun
71%
NCT NCT 127,
NCT
DREAM
Haechan
70%
EXO Lay
69%
RIIZE Shotaro
69%
NCT NCT 127 Taeil
69%
NCT WayV Winwin
69%
NCT NCT DREAM Chenle
68%
NCT NCT 127 Doyoung
68%
NCT NCT DREAM Jaemin
68%
NCT NCT DREAM Jeno
68%
EXO Chanyeol
67%
Girls Generation (former) Jessica
67%
NCT NCT DREAM Jisung
66%
NCT WayV Hendery
65%
NCT WayV Xiaojun
65%
EXO Xiumin
65%
NCT WayV YangYang
65%
Girls' Generation Yoona
65%
Soloist BoA
64%
NCT WayV Kun
64%
RIIZE Wonbin
64%
RIIZE Anton
63%
NCT NCT DREAM Renjun
63%
NCT NCT 127 Jungwoo
62%
Girls' Generation Sunny
61%
RIIZE Sungchan
60%
RIIZE Seunghan
58%
f(x)(inactive) Amber
56%
Girls' Generation Hyoyeon
56%
Super Junior Heechul
55%
NCT NCT WISH Sakuya
55%
NCT NCT WISH Sion
55%
RIIZE Sohee
55%
Girls' Generation Yuri
54%
TVXQ Changmin
51%
EXO(former) Kris
51%
NCT NCT WISH Ryo
51%
Super Junior Shindong
51%
f(x)(inactive) Krystal
49%
EXO(former) Tao
49%
RIIZE Eunseok
48%
EXO(former) Luhan
47%
Girls' Generation Sooyoung
47%
NCT NCT WISH Yushi
47%
NCT NCT WISH Jaehee
46%
NCT NCT WISH Riku
46%
Girls' Generation Seohyun
46%
Soloist Lucas
45%
f(x)(inactive) Sulli
44%
TVXQ Yunho
43%
Super Junior Siwon
42%
f(x)(inactive) Victoria
38%
f(x)(inactive) Luna
37%
Super Junior Kyuhyun
36%
Super Junior Donghae
33%
Super Junior Eunhyuk
31%
TVXQ(former) Jaejoong
30%
Super Junior Yesung
29%
Soloist Kangta
27%
Super Junior-M (former) Henry
26%
Super Junior Leetuk
26%
Super Junior Ryeowook
25%
Super Junior Sungmin
21%
TVXQ(former) Junsu
18%
Super Junior-M Zhoumi
17%
Super Junior(former) Kangin
11%
Super Junior(former) Kibum
11%
Super Junior(former) Hangeng
10%
TVXQ(former) Yoochun
9%
No matching quizzes found
Score Distribution
Percent of People with Each Score
Percentile by Number Answered
Your Score History
You have not taken this quiz